Welcome to the Holygrace Academy Library

Please use search bar below to get started

BOBBY HUTCHINSON KAREN YOUNG (Record no. 5036)

MARC details
000 -LEADER
fixed length control field 00299nam a22001337a 4500
020 ## - INTERNATIONAL STANDARD BOOK NUMBER
ISBN 0-978-48311-2
082 ## - DEWEY DECIMAL CLASSIFICATION NUMBER
Classification number 823
Item number WIG/B
100 ## - MAIN ENTRY--AUTHOR NAME
Personal name WIGGS, SUSAN
245 ## - TITLE STATEMENT
Title BOBBY HUTCHINSON KAREN YOUNG
260 ## - PUBLICATION, DISTRIBUTION, ETC. (IMPRINT)
Place of publication AUSTRALIA
Name of publisher SILHOUTTE
Year of publication 1997
300 ## - PHYSICAL DESCRIPTION
Number of Pages 377
650 ## - SUBJECT ADDED ENTRY--TOPICAL TERM
Topical Term NOVEL
Geographic subdivision AUSTRALIA
942 ## - ADDED ENTRY ELEMENTS (KOHA)
Koha item type Books
Holdings
Withdrawn status Lost status Collection code Home library Current library Shelving location Date acquired Source of acquisition Full call number Accession Number Koha item type
    Fiction Main Library Main Library SHELF 15B-U,V,W SECTION NOVELS& FICTION 31/01/2019 purchase 823 WIG/B 10912 Books